Compte-rendu des séances de la Comissión Internationale de Nomenclature Géologique et du Comité de la Carte Géologique de l'Europe tenues á Zurich en Août 1883. (Record no. 98410)

MARC details
000 -LEADER
campo de control de longitud fija 00816nam a2200181 i 4500
001 - NÚMERO DE CONTROL
campo de control 98410
003 - IDENTIFICADOR DE NÚMERO DE CONTROL
campo de control ES-MaACL
005 - FECHA Y HORA DE LA ÚLTIMA TRANSACCIÓN
campo de control 20230906182259.0
007 - CAMPO FIJO DE DESCRIPCIÓN FÍSICA--INFORMACIÓN GENERAL
campo de control de longitud fija t|
008 - DATOS DE LONGITUD FIJA--INFORMACIÓN GENERAL
campo de control de longitud fija 050823s1883 it ||||1| fre d
245 00 - MENCIÓN DEL TÍTULO
Título Compte-rendu des séances de la Comissión Internationale de Nomenclature Géologique et du Comité de la Carte Géologique de l'Europe tenues á Zurich en Août 1883.
260 ## - PUBLICACIÓN, DISTRIBUCIÓN, ETC.
Lugar de publicación, distribución, etc. Bologne :
Nombre del editor, distribuidor, etc. [s.n.],
Fecha de publicación, distribución, etc. 1883 (
Fabricante Impr. Fava et Garagnani)
300 ## - DESCRIPCIÓN FÍSICA
Extensión 48 p. ;
Dimensiones 23 cm.
650 #4 - PUNTO DE ACCESO ADICIONAL DE MATERIA--TÉRMINO DE MATERIA
Término de materia o nombre geográfico como elemento de entrada Geología-
Subdivisión de forma Nomenclatores.
9 (RLIN) 157295
710 0# - ENTRADA AGREGADA--NOMBRE DE ENTIDAD CORPORATIVA
Nombre de entidad corporativa o nombre de jurisdicción como elemento de entrada Commission Internationale de Nomenclature Géologique.
9 (RLIN) 3069
710 2# - ENTRADA AGREGADA--NOMBRE DE ENTIDAD CORPORATIVA
Nombre de entidad corporativa o nombre de jurisdicción como elemento de entrada Comité de la Carte Géologique de l'Europe.
9 (RLIN) 3076
852 ## - LOCALIZACIÓN
Ubicación ES-MaACL
Número de control de estantería T-900-F-3
Nota libre .- Legado de Federico de Botella y de Hornos
-- .- Enc. en un vol. facticio conservando la cub. original
Holdings
Estatus retirado Estado de pérdida Estado de daño No para préstamo Colección Biblioteca de origen Biblioteca actual Ubicación en estantería Fecha de adquisición Fuente de adquisición Total de préstamos Signatura topográfica completa Código de barras Visto por última vez Precio de reemplazo Tipo de ítem Koha
        Colección de folletos Biblioteca del Ateneo de Madrid Biblioteca del Ateneo de Madrid Depósito folletos 17/01/2008     T-900-F-3 1102732 23/02/2023 23/02/2023 Folleto